00849nam a22002057a 4500999001900000005001700019010001300036020002600049035001100075037001300086082001000099100002700109245010800136246006800244260005200312270009200364300002300456942002800479952013600507 c175937d17593720201013161746.0 aUR-10888 c400.00a9789389733501 aU-9443 bDBAD/PUB a920.8 aفيضا ن ا حمد  aعبد العز يز ا ليمينی سير ت و مسير ت ا لعلميہۃcفيضا ن ا حمد  bLife And Works of Abdul Aziz Al-Memoni (Urdu)aby Faizan Ahmed  aN.Delhi bEducational Publishing Housec2019 ء aH.O.D1/16,Ansari Road,Darya ganj,bN.Delhie110002k45678285,23216162l0091-11-23211540 a329 ص c22 Cm(Hb) 2ddccURh920mف ے ض  001040708NFICaDBADbDBADd2020-10-13eDBAD/PUBg400.00l0o920 ف ے ضpU-9443r2020-10-13 00:00:00t1v400.00w2020-10-13yUR